000 00776nam a2200289Ia 4500
003 OSt
005 20221007110655.0
006 a|||||r|||| 00| 0
007 ta
008 221006b |||||||| |||| 00| 0 eng d
020 _a0421192909
024 _a21,597
037 _cTextual
040 _aLCO
_cLCO
_beng
041 _2eng
_aeng
082 _aX8(A):9581, L7
100 _aMcKelvey K. Muir
_9707752
245 0 _aPension Schemes and Retirement Benefits
250 _a4th
260 _aLondon
_bSweet & Maxwell U.K.
_c1977
300 _a372
650 _aPENSION
700 _a Arthur T.G.
_9707753
700 _a Hosking
_9707754
942 _hX8(A):9581, L7
_cTEXL
999 _c1191160
_d1191160